[Event "Francophone-ch rapid"]
[Site "St Laurent"]
[Date "2014.??.??"]
[Round "2"]
[White "Wauters, Alain"]
[Black "Babault, Patrice"]
[Result "1/2-1/2"]
[WhiteElo "2110"]
[BlackElo "2388"]
[PlyCount "78"]
[EventDate "2014.07.05"]
[EventType "swiss (rapid)"]
[EventRounds "15"]
[EventCountry "FRA"]
[SourceTitle "CBM 161 Extra"]
[Source "ChessBase"]
[SourceDate "2014.08.29"]
[SourceVersion "1"]
[SourceVersionDate "2014.08.29"]
[SourceQuality "1"]

1. d4 d5 2. c4 c6 3. cxd5 cxd5 4. Nc3 Nc6 5. Nf3 Nf6 6. Bf4 Nh5 7. Bg5 h6 8. Bh4 g5 9. Bg3 Nxg3 10. hxg3 g4 11. Ng1 e5 12. e3 exd4 13. exd4 Bg7 14. Bb5 0-0 15. Nge2 Be6 16. Qd2 Qf6 17. Bxc6 bxc6 18. Na4 Rfe8 19. 0-0 Bf5 20. Nc5 Re7 21. Rfe1 Rae8 22. Nb3 h5 23. Nf4 Qh6 24. Rxe7 Rxe7 25. Re1 Re4 26. Rxe4 Bxe4 27. Qb4 Bf8 28. Qb8 h4 29. Nc5 Kg7 30. Qe5+ Kg8 31. Nxe4 dxe4 32. Qxe4 Bd6 33. Qf5 hxg3 34. Qxg4+ Kf8 35. fxg3 Ke7 36. Qf5 Qh8 37. Qe4+ Kd7 38. Qf5+ Ke7 39. Qe4+ Kd7 1/2-1/2

[Event "Cannes op"]
[Site "Cannes"]
[Date "2007.02.23"]
[Round "7"]
[White "Bozinovic, Boban"]
[Black "Wauters, Alain"]
[Result "0-1"]
[WhiteElo "2137"]
[BlackElo "2177"]
[PlyCount "106"]
[EventDate "2007.02.18"]
[EventType "swiss"]
[EventRounds "9"]
[EventCountry "FRA"]
[SourceTitle "CBM 116 Extra"]
[Source "ChessBase"]
[SourceDate "2007.03.07"]
[SourceVersion "1"]
[SourceVersionDate "2007.03.07"]
[SourceQuality "1"]

1. e4 c5 2. Nf3 e6 3. d4 cxd4 4. Nxd4 Nc6 5. Nb5 d6 6. Bf4 e5 7. Be3 a6 8. N5c3 Nf6 9. Bg5 Be7 10. Bxf6 Bxf6 11. Nd5 Bg5 12. Nbc3 0-0 13. Bd3 Be6 14. 0-0 b5 15. a3 Nd4 16. Kh1 Rb8 17. f4 exf4 18. Nxf4 Bxf4 19. Rxf4 Qg5 20. Rf2 Nc6 21. Qd2 Qc5 22. b4 Qb6 23. Rd1 Ne5 24. Qf4 Rbc8 25. Nd5 Bxd5 26. exd5 Rc3 27. Re2 Rxa3 28. Rf1 Qc7 29. Re3 Rc3 30. h4 Rc8 31. h5 h6 32. Rg3 Nxd3 33. cxd3 Rc1 34. Rgf3 f6 35. Kh2 Rxf1 36. Rxf1 Re8 37. Rc1 Qd7 38. Rc6 Re5 39. Qf3 Qa7 40. Rc8+ Kf7 41. Qg4 g5 42. hxg6+ Kg7 43. Rd8 f5 44. Qh4 Qc7 45. Ra8 Rxd5 46. Rxa6 Rxd3 47. Qf4 Qd7 48. Qf2 Qe6 49. Ra7+ Kxg6 50. Rb7 Qe5+ 51. g3 Re3 52. Kh3 Qe4 53. Rxb5 Qg4+ 0-1

[Event "FRA-chT2 0304a"]
[Site "France"]
[Date "2004.02.01"]
[Round "7.3"]
[White "Wauters, Alain"]
[Black "Dragojlovic, Andjelko"]
[Result "0-1"]
[WhiteElo "2204"]
[BlackElo "2358"]
[PlyCount "62"]
[EventDate "2003.10.??"]
[EventType "team"]
[EventRounds "11"]
[EventCountry "FRA"]
[SourceTitle "EXT 2005"]
[Source "ChessBase"]
[SourceDate "2004.11.15"]
[SourceVersion "1"]
[SourceVersionDate "2004.11.15"]
[SourceQuality "1"]
[WhiteTeam "Nice Alekhine"]
[BlackTeam "Antibes"]
[WhiteTeamCountry "FRA"]
[BlackTeamCountry "FRA"]

1. c4 Nf6 2. Nc3 d5 3. cxd5 Nxd5 4. g3 g6 5. Bg2 Nxc3 6. bxc3 Bg7 7. Rb1 Nc6 8. h4 h6 9. Nf3 0-0 10. Qc2 e5 11. d3 Rb8 12. Bd2 Be6 13. Qc1 Kh7 14. a4 Qd7 15. 0-0 b6 16. Qc2 Rbd8 17. c4 Bg4 18. Bc3 Rfe8 19. Rb5 Qe6 20. Rd5 Bh3 21. e4 Bg4 22. a5 Bxf3 23. Bxf3 Ne7 24. Rxd8 Rxd8 25. axb6 cxb6 26. Ra1 Nc6 27. Be2 Bf8 28. Kg2 Bc5 29. Bf1 Bd4 30. Bxd4 Nxd4 31. Qc3 h5 0-1

[Event "FRA-chT2 0304a"]
[Site "France"]
[Date "2004.01.18"]
[Round "6.2"]
[White "Wauters, Alain"]
[Black "Pham, Minh Hoang"]
[Result "1/2-1/2"]
[WhiteElo "2204"]
[BlackElo "2436"]
[PlyCount "44"]
[EventDate "2003.10.??"]
[EventType "team"]
[EventRounds "11"]
[EventCountry "FRA"]
[SourceTitle "EXT 2005"]
[Source "ChessBase"]
[SourceDate "2004.11.15"]
[SourceVersion "1"]
[SourceVersionDate "2004.11.15"]
[SourceQuality "1"]
[WhiteTeam "Nice Alekhine"]
[BlackTeam "Lyon Olympique"]
[WhiteTeamCountry "FRA"]
[BlackTeamCountry "FRA"]

1. c4 c5 2. Nf3 Nf6 3. Nc3 Nc6 4. g3 g6 5. Bg2 Bg7 6. 0-0 0-0 7. d4 cxd4 8. Nxd4 Nxd4 9. Qxd4 d6 10. Qd3 Rb8 11. h3 Be6 12. Be3 b6 13. Rac1 Bc8 14. Qd2 Bb7 15. Bh6 Bxg2 16. Kxg2 Rc8 17. Bxg7 Kxg7 18. Qd4 Kg8 19. Nd5 Nxd5 20. cxd5 Qd7 21. h4 h5 22. Qe4 f5 1/2-1/2

[Event "FRA-chT2S"]
[Site "France"]
[Date "2003.03.15"]
[Round "8.7"]
[White "Wauters, Alain"]
[Black "Hodot, Yves"]
[Result "1-0"]
[WhiteElo "2180"]
[BlackElo "2102"]
[PlyCount "57"]
[EventDate "2002.10.??"]
[EventType "team"]
[EventRounds "11"]
[EventCountry "FRA"]
[SourceTitle "EXT 2004"]
[Source "ChessBase"]
[SourceDate "2003.11.25"]
[SourceVersion "1"]
[SourceVersionDate "2003.11.25"]
[SourceQuality "1"]

1. Nf3 f5 2. g3 g6 3. Bg2 Bg7 4. c4 Nf6 5. Nc3 c6 6. d4 d6 7. 0-0 0-0 8. Qc2 Na6 9. Rd1 Qe8 10. b3 Bd7 11. Bb2 b5 12. cxb5 cxb5 13. b4 h6 14. a3 Qf7 15. Ne5 dxe5 16. dxe5 Be6 17. exf6 Bxf6 18. Bxa8 Rxa8 19. Nxb5 Bb3 20. Qc6 Bxb2 21. Qxa8+ Kh7 22. Qxa7 Qe6 23. Nd4 Bxd4 24. Rxd4 Ba4 25. Rd3 f4 26. Rd8 h5 27. Qd4 Kh6 28. Rh8+ Kg5 29. Qxf4# 1-0

[Event "FRA-chT2S"]
[Site "France"]
[Date "2003.01.19"]
[Round "6.6"]
[White "Deumie, Philippe"]
[Black "Wauters, Alain"]
[Result "1-0"]
[WhiteElo "2010"]
[BlackElo "2181"]
[PlyCount "69"]
[EventDate "2002.10.??"]
[EventType "team"]
[EventRounds "11"]
[EventCountry "FRA"]
[SourceTitle "EXT 2004"]
[Source "ChessBase"]
[SourceDate "2003.11.25"]
[SourceVersion "1"]
[SourceVersionDate "2003.11.25"]
[SourceQuality "1"]

1. e4 c5 2. Nf3 Nc6 3. Bb5 g6 4. 0-0 Bg7 5. c3 Nf6 6. Re1 0-0 7. d4 cxd4 8. cxd4 d5 9. e5 Ne4 10. Nbd2 Nxd2 11. Qxd2 Bg4 12. Bxc6 bxc6 13. b3 Bxf3 14. gxf3 f6 15. e6 f5 16. Ba3 Rf6 17. Qb4 Bf8 18. Re5 g5 19. Qb7 Rb8 20. Qxc6 Qa5 21. Bc5 Qc3 22. Rae1 Qxf3 23. Qxd5 Qf4 24. R5e3 Rh6 25. Rg3 Bg7 26. Qg2 Bf6 27. d5 Qd2 28. Rge3 Rd8 29. d6 exd6 30. Bxa7 Be5 31. h3 Qxa2 32. e7 Re8 33. Qd5+ Kg7 34. Rxe5 dxe5 35. Qxe5+ 1-0

[Event "FRA-chT2S"]
[Site "France"]
[Date "2003.01.18"]
[Round "5.5"]
[White "Dijoux, Frederic"]
[Black "Wauters, Alain"]
[Result "1/2-1/2"]
[WhiteElo "2141"]
[BlackElo "2181"]
[PlyCount "83"]
[EventDate "2002.10.??"]
[EventType "team"]
[EventRounds "11"]
[EventCountry "FRA"]
[SourceTitle "EXT 2004"]
[Source "ChessBase"]
[SourceDate "2003.11.25"]
[SourceVersion "1"]
[SourceVersionDate "2003.11.25"]
[SourceQuality "1"]

1. e4 d6 2. d4 Nf6 3. Nc3 g6 4. f4 Bg7 5. Nf3 Bg4 6. e5 dxe5 7. fxe5 Nd5 8. Bc4 e6 9. 0-0 0-0 10. Ne4 h6 11. c3 Nd7 12. Nf2 Bxf3 13. Qxf3 c5 14. Ng4 cxd4 15. Bxd5 exd5 16. cxd4 Qh4 17. g3 Qh3 18. Bd2 Rac8 19. Bb4 Rfd8 20. Qxf7+ Kh8 21. Qxg6 Rc6 22. Qf5 Nf8 23. Rac1 Ne6 24. Rxc6 Nxd4 25. Rxh6+ Bxh6 26. Qf6+ Kh7 27. Qxh6+ Qxh6 28. Nxh6 Kxh6 29. Kg2 Nc2 30. Bd2+ Kg6 31. Rf6+ Kg7 32. Rd6 Rxd6 33. exd6 Kf7 34. h4 Nd4 35. Be3 Nb5 36. Bf4 Ke6 37. h5 Nd4 38. h6 Kf7 39. d7 Ne6 40. Bg5 Kg6 41. d8Q Nxd8 42. Bxd8 1/2-1/2

[Event "FRA-chT2S"]
[Site "France"]
[Date "2002.11.17"]
[Round "3.6"]
[White "Wauters, Alain"]
[Black "Peray, Sebastien"]
[Result "0-1"]
[WhiteElo "2150"]
[BlackElo "2169"]
[PlyCount "42"]
[EventDate "2002.10.??"]
[EventType "team"]
[EventRounds "11"]
[EventCountry "FRA"]
[SourceTitle "EXT 2004"]
[Source "ChessBase"]
[SourceDate "2003.11.25"]
[SourceVersion "1"]
[SourceVersionDate "2003.11.25"]
[SourceQuality "1"]

1. c4 Nf6 2. Nc3 e6 3. e4 d6 4. d4 Be7 5. Nf3 0-0 6. Be2 c5 7. 0-0 b6 8. dxc5 dxc5 9. Bf4 Qxd1 10. Raxd1 Bb7 11. Nb5 a6 12. Nd6 Bxe4 13. Nxe4 Nxe4 14. Ne5 Ra7 15. Rd3 f6 16. Nf3 e5 17. Be3 Nc6 18. Rb3 Rb8 19. Rd1 Nd4 20. Nxd4 cxd4 21. Bf3 Nc5 0-1

[Event "FRA-chT2S"]
[Site "France"]
[Date "2002.10.13"]
[Round "1"]
[White "Wauters, Alain"]
[Black "Coutton, Sylvain"]
[Result "1-0"]
[WhiteElo "2150"]
[BlackElo "2145"]
[PlyCount "77"]
[EventDate "2002.10.??"]
[EventType "team"]
[EventRounds "11"]
[EventCountry "FRA"]
[SourceTitle "EXT 2004"]
[Source "ChessBase"]
[SourceDate "2003.11.25"]
[SourceVersion "1"]
[SourceVersionDate "2003.11.25"]
[SourceQuality "1"]

1. c4 c5 2. Nf3 Nc6 3. Nc3 e5 4. g3 g6 5. Bg2 Bg7 6. d3 Nge7 7. 0-0 0-0 8. Rb1 d6 9. a3 a5 10. Bg5 f6 11. Bd2 Be6 12. e4 Rb8 13. h3 Kh8 14. Nb5 f5 15. Ng5 Bg8 16. exf5 gxf5 17. f4 h6 18. Qh5 Qe8 19. Qxe8 Rfxe8 20. Nxd6 hxg5 21. Nxe8 Rxe8 22. fxe5 Bxe5 23. Bxg5 Bxg3 24. Bf3 Kg7 25. Kg2 Bd6 26. Rbe1 Kg6 27. h4 Rb8 28. Re2 Bf7 29. Rfe1 Ng8 30. Re6+ Bxe6 31. Rxe6+ Kg7 32. Rxd6 Ne5 33. Bf4 Re8 34. Bxb7 Nf7 35. Rd7 Nf6 36. Rc7 Re2+ 37. Kf3 Rxb2 38. Be5 Kg6 39. Bxb2 1-0

[Event "FRA-chT2S 9899"]
[Site "France"]
[Date "1999.??.??"]
[Round "8"]
[White "Gouy, Frederic"]
[Black "Wauters, Alain"]
[Result "1/2-1/2"]
[WhiteElo "2167"]
[BlackElo "2190"]
[PlyCount "72"]
[EventDate "1998.??.??"]
[EventType "team"]
[EventRounds "9"]
[EventCountry "FRA"]
[SourceTitle "EXT 2002"]
[Source "ChessBase"]
[SourceDate "2001.11.25"]
[SourceVersion "1"]
[SourceVersionDate "2001.11.25"]
[SourceQuality "1"]

1. g3 Nf6 2. d4 e6 3. Bg2 d5 4. c4 Bb4+ 5. Bd2 Bxd2+ 6. Qxd2 0-0 7. Nc3 c6 8. Nf3 Nbd7 9. 0-0 b6 10. e4 Ba6 11. b3 Rc8 12. Rfd1 dxc4 13. Bf1 b5 14. e5 Nd5 15. Ne4 c5 16. bxc4 bxc4 17. Nd6 c3 18. Qc2 Rc6 19. Qa4 Bxf1 20. Rxf1 Qb6 21. Rfb1 Qa6 22. Qxa6 Rxa6 23. Rb7 cxd4 24. Rxd7 d3 25. Ne4 c2 26. Ne1 Rxa2 27. Rc1 Ra4 28. Nxd3 Rxe4 29. Rxc2 Rd4 30. Nc5 Ra8 31. Ra2 g6 32. Raxa7 Rxa7 33. Rxa7 Rc4 34. Nd7 Kg7 35. Kg2 Rc7 36. Rxc7 Nxc7 1/2-1/2

[Event "FRA-chT2S 9798"]
[Site "France"]
[Date "1998.??.??"]
[Round "8"]
[White "Libiszewski, Fabien"]
[Black "Wauters, Alain"]
[Result "0-1"]
[WhiteElo "2215"]
[BlackElo "2175"]
[PlyCount "108"]
[EventDate "1997.??.??"]
[EventType "team"]
[EventRounds "9"]
[EventCountry "FRA"]
[SourceTitle "EXT 2003"]
[Source "ChessBase"]
[SourceDate "2002.11.25"]
[SourceVersion "1"]
[SourceVersionDate "2002.11.25"]
[SourceQuality "1"]

1. e4 c5 2. Nf3 d6 3. d4 cxd4 4. Nxd4 Nf6 5. Nc3 Nc6 6. Bg5 e6 7. Qd2 Be7 8. 0-0-0 0-0 9. Nb3 Qb6 10. f3 a6 11. g4 Qc7 12. Be3 b5 13. g5 Nd7 14. h4 b4 15. Na4 Rb8 16. Nd4 Nde5 17. f4 Ng4 18. Bg1 Bd7 19. b3 Nxd4 20. Bxd4 e5 21. Bb2 exf4 22. Qxf4 Ne5 23. Bxa6 Bxa4 24. bxa4 b3 25. axb3 Rxb3 26. Kb1 Rb4 27. Bb5 Qc3 28. Qc1 Rb8 29. Ka1 Qf3 30. Qd2 Rxb2 31. Bd3 Nxd3 32. Qxd3 Qxd3 33. Rxd3 Rxc2 34. Rb1 Rxb1+ 35. Kxb1 Rc4 36. Ra3 d5 37. Ra2 dxe4 38. a5 Rc7 39. a6 Ra7 40. Kc1 f5 41. Kd2 Kf7 42. Ke3 Bc5+ 43. Kf4 Ke6 44. Ra5 Bd6+ 45. Ke3 Be5 46. Ra2 g6 47. Kf2 f4 48. Ra4 Kf5 49. Ra5 Ke6 50. Ra4 Kd5 51. Ra5+ Kd4 52. Ra4+ Kd3 53. Ra5 Bd4+ 54. Ke1 Bc3+ 0-1

[Event "FRA-chT2S 9798"]
[Site "France"]
[Date "1998.??.??"]
[Round "6"]
[White "Thiriet, Benoit"]
[Black "Wauters, Alain"]
[Result "1-0"]
[WhiteElo "2160"]
[BlackElo "2165"]
[PlyCount "87"]
[EventDate "1997.??.??"]
[EventType "team"]
[EventRounds "9"]
[EventCountry "FRA"]
[SourceTitle "EXT 2003"]
[Source "ChessBase"]
[SourceDate "2002.11.25"]
[SourceVersion "1"]
[SourceVersionDate "2002.11.25"]
[SourceQuality "1"]

1. d4 Nf6 2. Bg5 Ne4 3. Bf4 d5 4. f3 Nf6 5. e4 dxe4 6. Nc3 exf3 7. Nxf3 Bg4 8. Bc4 e6 9. 0-0 Be7 10. d5 exd5 11. Nxd5 Nxd5 12. Bxd5 Nc6 13. Bxf7+ Kxf7 14. Ne5+ Ke8 15. Nxg4 Qxd1 16. Raxd1 Rf8 17. Bxc7 Rc8 18. Rxf8+ Bxf8 19. Bf4 h5 20. Ne3 Bc5 21. c3 Rd8 22. Rxd8+ Nxd8 23. Kf2 Ne6 24. Be5 Kf7 25. Ke2 g6 26. Kd3 a6 27. b4 Bxe3 28. Kxe3 Nd8 29. Kd4 Ke6 30. Bc7 Nc6+ 31. Kc5 Kd7 32. Bd6 Nd8 33. Kd5 Nc6 34. c4 Nd8 35. a4 Nc6 36. b5 axb5 37. axb5 Nd8 38. c5 Nf7 39. c6+ bxc6+ 40. bxc6+ Kc8 41. Bf4 g5 42. Be5 Nh6 43. Ke6 Ng4 44. Kf5 1-0

[Event "FRA-chT2S"]
[Site "France"]
[Date "1997.??.??"]
[Round "2"]
[White "Veysseyre, Didier"]
[Black "Wauters, Alain"]
[Result "1/2-1/2"]
[WhiteElo "2215"]
[BlackElo "2165"]
[PlyCount "129"]
[EventDate "1997.??.??"]
[EventType "team"]
[EventRounds "9"]
[EventCountry "FRA"]
[SourceTitle "EXT 2007"]
[Source "ChessBase"]
[SourceDate "2006.11.23"]
[SourceVersion "1"]
[SourceVersionDate "2006.11.23"]
[SourceQuality "1"]
[WhiteTeam "Aix en Provence"]
[BlackTeam "Nice Alekhine"]
[WhiteTeamCountry "FRA"]
[BlackTeamCountry "FRA"]

1. d4 Nf6 2. Nf3 e6 3. c4 Bb4+ 4. Bd2 Qe7 5. Nc3 0-0 6. e3 Bxc3 7. Bxc3 Ne4 8. Qc2 Nxc3 9. Qxc3 a5 10. Be2 Qb4 11. Rc1 d6 12. 0-0 Qxc3 13. Rxc3 Nd7 14. e4 e5 15. d5 Nc5 16. Nd2 f5 17. f3 Bd7 18. Nb3 Na4 19. Rc2 b6 20. Bd3 fxe4 21. Bxe4 Rab8 22. Rff2 Nc5 23. Nxc5 bxc5 24. Rfe2 Rb4 25. Bd3 g6 26. Kf2 Rf4 27. Be4 Kg7 28. Ke3 g5 29. g4 Be8 30. Kf2 a4 31. Kg3 h5 32. h3 Bd7 33. Re3 Bc8 34. Kg2 hxg4 35. hxg4 Ba6 36. Rec3 Bc8 37. Kg3 Bd7 38. Rh2 Rf7 39. Rh7+ Kf8 40. Rxf7+ Kxf7 41. Rc2 Rb8 42. Rh2 Rg8 43. Bf5 Bc8 44. Rh7+ Kf6 45. Rxc7 Bxf5 46. gxf5 Kxf5 47. Rf7+ Kg6 48. Rd7 Rb8 49. Rxd6+ Kf5 50. Rc6 Rxb2 51. Rxc5 Rxa2 52. d6 Rd2 53. Ra5 Rxd6 54. Rxa4 Rd4 55. Rb4 Rf4 56. Ra4 Rd4 57. Rb4 Rd3 58. Kg2 Rd2+ 59. Kg3 Rc2 60. Ra4 Rc3 61. Ra8 Rxc4 62. Rf8+ Ke6 63. Re8+ Kf6 64. Rf8+ Ke6 65. Re8+ 1/2-1/2

[Event "FRA-chT"]
[Site "France"]
[Date "1996.??.??"]
[Round "?"]
[White "Spiridonov, Nikola"]
[Black "Wauters, Alain"]
[Result "1-0"]
[WhiteElo "2405"]
[BlackElo "2180"]
[PlyCount "79"]
[EventDate "1996.??.??"]
[EventType "team"]
[EventRounds "11"]
[EventCountry "FRA"]
[SourceTitle "CBM 055 Extra"]
[Source "ChessBase"]
[SourceDate "1997.01.01"]
[SourceVersion "1"]
[SourceVersionDate "1997.01.01"]
[SourceQuality "1"]

1. d4 d5 2. Nf3 Nf6 3. c4 c6 4. Qc2 g6 5. Bf4 Bg7 6. e3 0-0 7. Nc3 b6 8. cxd5 Nxd5 9. Be5 Bb7 10. Bc4 Nd7 11. Bxg7 Kxg7 12. Bxd5 cxd5 13. 0-0 Rc8 14. Qb3 Nb8 15. Rfc1 e6 16. Qa3 a6 17. Qb3 Qd6 18. Ne5 f6 19. Nd3 Nd7 20. Rc2 Rc7 21. Rac1 Rfc8 22. h3 Rc4 23. a3 e5 24. Ne2 Qc7 25. Rc3 b5 26. Qd1 a5 27. b3 Rxc3 28. Rxc3 Qd6 29. Qc1 Rc6 30. f4 b4 31. axb4 axb4 32. Rxc6 Bxc6 33. dxe5 fxe5 34. fxe5 Nxe5 35. Nxe5 Qxe5 36. Qxc6 Qe4 37. Qc7+ Kg8 38. Qb8+ Kf7 39. Qf4+ Ke6 40. Nd4+ 1-0

[Event "FRA-chT"]
[Site "France"]
[Date "1995.??.??"]
[Round "?"]
[White "Pira, Davoud"]
[Black "Wauters, Alain"]
[Result "1-0"]
[WhiteElo "2325"]
[BlackElo "2205"]
[PlyCount "109"]
[EventDate "1995.??.??"]
[EventType "team"]
[EventRounds "5"]
[EventCountry "FRA"]
[SourceTitle "EXT 2005"]
[Source "ChessBase"]
[SourceDate "2004.11.15"]
[SourceVersion "1"]
[SourceVersionDate "2004.11.15"]
[SourceQuality "1"]

1. d4 d5 2. Nf3 Nf6 3. c4 c6 4. Qc2 g6 5. Bf4 Bg7 6. e3 0-0 7. Nc3 Na6 8. Be2 Bf5 9. Qb3 Qb6 10. 0-0 dxc4 11. Bxc4 Qxb3 12. Bxb3 Nh5 13. Bg5 Bf6 14. h3 Bxg5 15. Nxg5 Ng7 16. e4 Bd7 17. Rad1 Rad8 18. d5 e6 19. Bc4 Nc7 20. d6 Na8 21. f4 b5 22. Be2 f6 23. Nf3 Nb6 24. g4 h6 25. e5 f5 26. Nh4 Kh7 27. Ng2 Rf7 28. Bf3 Nd5 29. Ne2 fxg4 30. hxg4 h5 31. gxh5 Nxh5 32. Bxd5 exd5 33. Nd4 Ng7 34. Rc1 Rc8 35. b4 a5 36. a3 axb4 37. axb4 Ne6 38. Nxe6 Bxe6 39. Ra1 c5 40. bxc5 Rxc5 41. Nh4 Kg7 42. Ra3 Kh6 43. Rg3 Rg7 44. Nf3 Rc3 45. Rg2 Kh5 46. Nd4 Bh3 47. Rg5+ Kh6 48. e6 Re3 49. d7 Rg8 50. Rxd5 Bxf1 51. Kxf1 Re4 52. Kg2 b4 53. Kf3 Re1 54. d8Q Rxd8 55. Rxd8 1-0

[Event "FRA-chT"]
[Site "France"]
[Date "1994.??.??"]
[Round "3"]
[White "Bricard, Emmanuel"]
[Black "Wauters, Alain"]
[Result "1-0"]
[WhiteElo "2465"]
[BlackElo "2205"]
[PlyCount "45"]
[EventDate "1994.??.??"]
[EventType "team"]
[EventRounds "11"]
[EventCountry "FRA"]
[SourceTitle "EXT 1999"]
[Source "ChessBase"]
[SourceDate "1998.11.16"]
[SourceVersion "1"]
[SourceVersionDate "1998.11.16"]
[SourceQuality "1"]

1. e4 c5 2. Nc3 Nc6 3. f4 e6 4. Nf3 d5 5. Bb5 Nge7 6. exd5 exd5 7. Qe2 Qd6 8. Bxc6+ Qxc6 9. Ne5 Qd6 10. 0-0 f6 11. Qh5+ g6 12. Nxg6 Nxg6 13. f5 Qe5 14. d4 Qxd4+ 15. Kh1 Qh4 16. Qe2+ Kf7 17. Nxd5 Ne5 18. Bf4 Qg4 19. Qd2 Rg8 20. Nc7 Rb8 21. Qd5+ Kg7 22. Ne8+ Kh8 23. Nxf6 1-0

[Event "FRA-chT2 9495"]
[Site "France"]
[Date "1994.??.??"]
[Round "?"]
[White "Pecot, Laurent"]
[Black "Wauters, Alain"]
[Result "1-0"]
[WhiteElo "2250"]
[BlackElo "2200"]
[PlyCount "69"]
[EventDate "1994.??.??"]
[EventType "team"]
[EventRounds "11"]
[EventCountry "FRA"]
[SourceTitle "EXT 2008"]
[Source "ChessBase"]
[SourceDate "2007.11.25"]
[SourceVersion "1"]
[SourceVersionDate "2007.11.25"]
[SourceQuality "1"]

1. d4 Nf6 2. Nf3 e6 3. e3 c5 4. Bd3 cxd4 5. exd4 b6 6. 0-0 Bb7 7. c4 Be7 8. Nbd2 0-0 9. Qe2 d5 10. b3 Nc6 11. Bb2 Rc8 12. Rac1 g6 13. Qe3 Re8 14. Rfd1 Bf8 15. Ne5 dxc4 16. bxc4 Nxe5 17. dxe5 Bc5 18. Qh3 Nh5 19. Be4 Qe7 20. Qf3 Ba6 21. g4 Ng7 22. Bc2 Bb7 23. Be4 Ba6 24. Bc6 Rxc6 25. Ne4 Rcc8 26. Nf6+ Kh8 27. Qf4 Nf5 28. gxf5 gxf5 29. Qh6 Rg8+ 30. Kf1 Rg7 31. Rd3 Rd8 32. Rg3 Qf8 33. Rh3 Rg1+ 34. Kxg1 Bxf2+ 35. Kf1 1-0

[Event "Belfort op"]
[Site "Belfort"]
[Date "1989.??.??"]
[Round "5"]
[White "Cerisier, Philippe"]
[Black "Wauters, Alain"]
[Result "1-0"]
[WhiteElo "2270"]
[BlackElo "2285"]
[PlyCount "74"]
[EventDate "1989.07.??"]
[EventType "swiss"]
[EventRounds "9"]
[EventCountry "FRA"]
[SourceTitle "TD"]
[Source "ChessBase"]
[SourceDate "1994.03.01"]
[SourceVersion "1"]
[SourceVersionDate "1994.03.01"]
[SourceQuality "1"]

1. c4 e5 2. Nc3 Nf6 3. Nf3 Nc6 4. e3 d6 5. d4 Be7 6. a3 a5 7. d5 Nb8 8. e4 Nbd7 9. b3 0-0 10. Bd3 c6 11. Rb1 cxd5 12. cxd5 Nc5 13. Bc2 Ne8 14. Be3 Nd7 15. Nd2 Bg5 16. Qe2 g6 17. 0-0 Bxe3 18. Qxe3 Ndf6 19. Bd1 Ng7 20. Nc4 Ng4 21. Bxg4 Bxg4 22. f4 a4 23. fxe5 dxe5 24. Nxe5 Bc8 25. bxa4 f5 26. Nc4 fxe4 27. Nxe4 Nf5 28. Qd3 Rxa4 29. g4 b5 30. Ncd2 Rd4 31. Qxb5 Rxd5 32. Qb3 Be6 33. gxf5 gxf5 34. Qg3+ Kh8 35. Qc3+ Kg8 36. Rb7 Rd7 37. Rxd7 Bxd7 1-0